Historia de México. Secundaria. Tercer grado.

Wedi'i Gadw mewn:
Manylion Llyfryddiaeth
Prif Awdur: Amador Zamora, Rubén Octavio (autor)
Awduron Eraill: Granados Salinas, Luis Fernando (autor) (autor), López Luna, Gerardo (autor) (autor)
Fformat: Llyfr
Iaith:Sbaeneg
Pynciau:
Tagiau: Ychwanegu Tag
Dim Tagiau, Byddwch y cyntaf i dagio'r cofnod hwn!

MARC

LEADER 00000nam^a2200000^u^4500
001 000531958
005 20250521000000.0
008 070316s1000^^^^^^^^^^^^r^^^^^000^0^spa^d
009 20260310130903.476
035 |a FCE 000076206 
037 |a Acervo ITESO - Biblioteca 
041 |a spa 
082 0 4 |a 373.89045  |b AMAh 3 
100 |a Amador Zamora, Rubén Octavio  |e (autor) 
245 1 0 |a Historia de México. Secundaria. Tercer grado. 
264 |a México :  |b Norma,  |c 2014. 
300 |a 264 p. :  |b il. 
336 |a texto  |b txt  |2 rdacontenido 
337 |a sin mediación  |b n  |2 rdamedio 
338 |a volumen  |b nc  |2 rdasoporte 
649 |a XX 
650 |a Estudio y enseñanza 
650 |a Historia de México 
650 |a Libros de texto 
650 |a Educación secundaria 
700 |a Granados Salinas, Luis Fernando  |e (autor) 
700 |a López Luna, Gerardo  |e (autor) 
910 |a Fondo Centro de Estudios Educativos 
920 |a Impresos - Libros 
930 |a Fondos Especiales 
905 |a 133 
901 |a ALE074345  |b IT2  |c CEE  |u 20250521 
902 |a https://opac.biblio.iteso.mx/vufind/Record/000531958